| 000 | 00627nam a22001817a 4500 | ||
|---|---|---|---|
| 005 | 20251108165308.0 | ||
| 008 | 250721s1990 xx 000 0 ara d | ||
| 082 | 1 | 4 | _a958.5/قحط |
| 100 | 1 | _aالحديثي، قحطان عبد الستار | |
| 245 | 1 | 0 | _aالتواريخ المحلية لإقليم خراسان / |
| 264 | 1 |
_aالبصرة : _bوزارة التعليم العالي و البحث العلمي - جامعة البصرة، _c1990. |
|
| 300 | _a147ص | ||
| 650 | 1 | 7 | _aآسيا الوسطى |
| 650 | 1 | 7 | _aالتاريخ |
| 650 | 1 | 7 | _aالبلدان الإسلامية |
| 942 |
_2ddc _cBK |
||
| 999 |
_c24374 _d24374 |
||